Medidas de Proteccin̤ al delito de Violencia Intrafamiliar

Detalles Bibliográficos
Autor principal: Guevara Herrera, Guido Guillermo
Formato: eBook
Lenguaje:español
Publicado: Bogot:̀ Editorial Acadm̌ica Espaǫla, 2019
Materias:
Acceso en línea:Acceso restringido

MARC

LEADER 00000nam a22000007a 4500
005 20191009223945.0
007 cr|||| ||||
008 191009r2019 co |||||s|||| 00||0 spa d
020 |a 9786139467730 
035 |a 29757 
040 |a vLex 
090 |c 9766  |d 9766 
100 1 |a Guevara Herrera, Guido Guillermo 
245 1 0 |a  Medidas de Proteccin̤ al delito de Violencia Intrafamiliar  |h [Recurso electrn̤ico] /  |c Guido Guillermo Guevara Herrera 
256 |a Servicio en ln̕ea 
260 |a Bogot:̀  |b Editorial Acadm̌ica Espaǫla,  |c 2019 
300 |a 1 recurso electrn̤ico 
500 |a La violencia intrafamiliar en Colombia es un delito que ha sido progresivo tanto as ̕que hubo la necesidad por parte del legislador de crear un nuevo tipo penal conocido como FEMINICIDIO, sin embargo y pese a existir en nuestro ordenamiento jurd̕ico desde hace aǫs la regulacin̤ de las medidas de proteccin̤, las mismas nunca eran eficaces y solo a travš de la sentencia T/772/15 emanada de nuestro mx̀imo tribunal en materia constitucional, fue que las mismas se volvieron eficaces, tanto as ̕que gracias a la misma y en virtud a que dicho pronunciamiento coloca en posicin̤ de garante a todas las autoridades que conozcan del delito y no apliquen una medida de proteccin̤ en favor de la victima, las mismas son aplicadas con prioridad, evitando as ̕la revictimizacion. 
506 1 |a Disponible solo en los productos indicados  |d vLex Global  |d vLex Global (Academic Edition, excluding Law Schools)  |d vLex Global (U.S. Academic Edition, Law Schools)  |d vLex Global (U.S. Academic Edition, excluding Law Schools)  |d vLex Global (Academic Edition, Law Schools) 
650 0 4 |a Derecho Pb︢lico y Administrativo  |z Colombia 
740 0 |a vLex Libros (Servicio en ln̕ea) 
856 4 0 |u http://vlex.com/source/29757  |z Acceso restringido 
942 |c BOOK 
999 0 |a Public and Administrative Law